000 00620 a2200205 4500
005 20260218155441.0
008 260218b |||||||| |||| 00| 0 eng d
020 _a9789389625172
_cरु 450.00
040 _aMAIN
082 _a891.43301741
_bMK264P
100 _aमधुकांत
110 _a
245 _aप्रेरक लघुकथाएँ
250 _aLatest edition
260 _bमोनिका प्रकाशन
_aदिल्ली
_c2020
300 _a159
650 _aहिन्दी साहित्य
651 _aकहानी संग्रह
942 _cHN
999 _c395252
_d395252